| 000 | 00700pam a2200229 i 4500 | ||
|---|---|---|---|
| 001 | 3666606 | ||
| 005 | 20180809051629.0 | ||
| 008 | 770609s1977 nyua b 001 0 eng | ||
| 010 | _a 77022260 | ||
| 020 | _a0838510388 | ||
| 040 |
_aDLC _cDLC _dDLC |
||
| 041 | _aeng | ||
| 060 | _aWG330 C2674 | ||
| 080 | _a618.921 ROB | ||
| 082 | 0 | 0 | _a618.921 ROB |
| 100 | _a7 | ||
| 101 | _aKAR | ||
| 245 | 0 | 0 |
_aCardiac arrhythmias in the neonate, infant, and child / _cedited by Nigel K. Roberts, Henry Gelband ; forewords by Sidney Blumenthal, Brian F. Hoffman. |
| 504 | _aIncludes bibliographical references and index. | ||
| 906 |
_a7 _bcbc _corignew _d1 _eocip _f19 _gy-gencatlg |
||
| 942 |
_2ddc _cBK |
||
| 999 |
_c46958 _d46958 |
||